| 000 | 02722nam0a2200361 4500 | ||
|---|---|---|---|
| 001 | RU\NLR\BIBL_A\022051063 | ||
| 005 | 20231114125518.0 | ||
| 010 |
_a978-5-9222-1671-5 _950 |
||
| 021 |
_aRU _bКН-П-23-057305 _9КН-П-23-5762 |
||
| 035 | _a(NLR Aleph) 022051063 | ||
| 035 | _a(RuMoRGB)012098818 | ||
| 090 |
_a12597697 _c12597697 |
||
| 100 | _a20231016d2022 m y0rusy50 ca | ||
| 101 | 0 | _aeng | |
| 102 | _aRU | ||
| 105 | _ay j 000zy | ||
| 181 | 0 |
_ai _baxxe |
|
| 182 | 0 | _an | |
| 200 | 1 |
_aTourism special types _etutorial _fR. Valeeva |
|
| 203 |
_aТекст _bвизуальный _cнепосредственный |
||
| 210 |
_aKazan _cОтечество _d2022 |
||
| 215 |
_a92 с. _d21 |
||
| 320 | _aБиблиогр.: с. 91 (15 назв.) | ||
| 330 | _aУчебное пособие раскрывает специальные виды туризма: делового, конгрессно-выставочного, инсентив-туризма, образовательного, событийного, агротуризма, экстремального, экзотического, хобби туризма, комбинированных туров. Автором проанализированы преимущества и недостатки специальных видов туризма. Предложены способы развития внутреннего и въездного туризма. В учебном пособии систематизированы знания по классификации туризма, внутренней структуре туристской деятельности, основным специальным видам туризма. Цель учебного пособия состоит в ознакомлении со структурой специальных видов туризма, характеристике территорий и регионов их распространения, раскрытии особенностей практической организации специальных видов туризма. Предназначено для студентов бакалавриата, магистратуры, изучающих английский язык | ||
| 541 | 1 |
_aСпециальные виды туризма _eруководство |
|
| 606 | 1 |
_aТуризм _xВиды _jРуководства, пособия и т.п _2nlr_sh2 _3RU\NLR\AUTH\6601619882 |
|
| 675 |
_a811.111(075.8) _v4 |
||
| 686 | 1 | _aЧ518.113я7 | |
| 700 | 1 |
_aValeeva _bR. D. _gRušanija Damirovna |
|
| 942 | _cBOOK | ||
| 980 | _aNB | ||